हरी आँखेंः (Record no. 204331)
[ view plain ]
| 000 -LEADER | |
|---|---|
| fixed length control field | 00923nam a22002177a 4500 |
| 005 - DATE AND TIME OF LATEST TRANSACTION | |
| control field | 20240924154935.0 |
| 010 ## - LCCN (DPL NO) | |
| LC control number | B-760101 |
| 020 ## - INTERNATIONAL STANDARD BOOK NUMBER | |
| Terms of availability | 325.00 |
| International Standard Book Number | 9789392422331 |
| 035 ## - SYSTEM CONTROL NUMBER | |
| System control number | B-760101 |
| 037 ## - SOURCE OF ACQUISITION | |
| Source of stock number/acquisition | उपहार |
| 082 ## - DEWEY DECIMAL CLASSIFICATION NUMBER | |
| Classification number | क |
| 100 ## - MAIN ENTRY--PERSONAL NAME | |
| Personal name | गोयल,शशि |
| 245 ## - TITLE STATEMENT | |
| Title | हरी आँखेंः |
| Remainder of title | बालकथा -संग्रह/ |
| Statement of responsibility, etc | शशि गोयल |
| 260 ## - PUBLICATION, DISTRIBUTION, ETC. (IMPRINT) | |
| Place of publication, distribution, etc | नई दिल्ली |
| Name of publisher, distributor, etc | केशव बुक्स |
| Date of publication, distribution, etc | 2020 |
| 270 ## - ADDRESS | |
| Address | एफ-7, गली नं.1,तृतीय तल,पंचशील गार्डन, |
| City | नई दिल्ली |
| Postal code | 110032 |
| 300 ## - PHYSICAL DESCRIPTION | |
| Extent | 85पृ. |
| Dimensions | 22सेमी. (अजिल्द) |
| 650 ## - SUBJECT ADDED ENTRY--TOPICAL TERM | |
| Topical term or geographic name as entry element | लघु कथा साहित्य |
| 650 ## - SUBJECT ADDED ENTRY--TOPICAL TERM | |
| Topical term or geographic name as entry element | Short Stories, Hindi |
| 942 ## - ADDED ENTRY ELEMENTS (KOHA) | |
| Source of classification or shelving scheme | Dewey Decimal Classification |
| Item type | Children Books |
| Call number suffix | गोयल |
| Classification part | क |
| Withdrawn status | Lost status | Not for loan | Collection code | Home library | Current library | Date acquired | Source of acquisition | Cost, normal purchase price | Full call number | Barcode | Copy number | Cost, replacement price | Koha item type | Public note |
|---|---|---|---|---|---|---|---|---|---|---|---|---|---|---|
| Fiction | Kadipur | Kadipur | 24/09/2024 | उपहार /19.07.2024 | 325.00 | गोयल क | B-760101 | 1 | 325.00 | Children Books | उपहार |
